Positions of Sports Players - Statistics

General Stats
  • This quiz has been taken 29 times
  • The average score is 10 of 18
Answer Stats
Hint Answer % Correct
Zlatan Ibrahimović Striker
77%
Kareem Abdul-Jabbar Center
73%
Michael Jordan Shooting Guard
69%
Rob Gronkowski Tight End
69%
John Stockton Point Guard
62%
Karl Malone Power Forward
62%
John Elway Quarterback
58%
Jackie Robinson Second Base
58%
Cy Young Starting Pitcher
58%
Babe Ruth Right Field
54%
Wayne Gretzky Centre
50%
Alex Ovechkin Left Wing
50%
J.J. Watt Defensive End
46%
Lawrence Taylor Linebacker
46%
Hope Solo Goalkeeper
42%
Ray Bourque Defenceman
38%
Carey Price Goaltender
38%
Mariano Rivera Closer
31%
No matching quizzes found
Score Distribution
Percent of People with Each Score
Percentile by Number Answered
Your Score History
You have not taken this quiz